000 00659nam a22002411 4500
001 sa 68000954
003 DLC
005 20260227112428.0
008 710903s1967 ii b b 00000 eng
010 _asa 68000954
025 _aPL480:I-E-9055
043 _aa-ii---
_as-bl---
050 0 _aHF3406.5
_b.I5
110 2 0 _aIndian Institute of Foreign Trade.
245 1 0 _aIndia's trade prospects with Brazil.
260 1 _aNew Delhi
_c[1967]
300 _a111 p.
_bmap.
_c25 cm.
350 _aRs6.75
504 _aBibliography: p. [109]-111.
651 0 _aBrazil
_xCommerce.
651 0 _aBrazil
_xCommerce
_zIndia.
651 0 _aIndia
_xCommerce
_zBrazil.
999 _c77577
_d77577